Central Library OPAC University of Rajshahi

The struggle for the Middle East : (Record no. 42159)

MARC details
000 -LEADER
fixed length control field 00802nam a2200241 a 4500
001 - CONTROL NUMBER
control field 42159
003 - CONTROL NUMBER IDENTIFIER
rucl marc code BD-RjUL
005 - DATE AND TIME OF LATEST TRANSACTION
control field 20211209053512.0
008 - FIXED-LENGTH DATA ELEMENTS--GENERAL INFORMATION
fixed length control field 160609s1969 enk b 001 0 eng
020 ## - INTERNATIONAL STANDARD BOOK NUMBER
International Standard Book Number 0710066368
035 ## - SYSTEM CONTROL NUMBER
System control number (BD-RjUL)42277
040 ## - CATALOGING SOURCE
Original cataloging agency DLC
Transcribing agency DLC
Modifying agency m.c
-- BD-RjUL
Language of cataloging eng
041 ## - LANGUAGE CODE
Language code of text/sound track or separate title eng
082 ## - DEWEY DECIMAL CLASSIFICATION NUMBER
Classification number 327.47056
Author mark and year LAS 1969
100 1# - MAIN ENTRY--PERSONAL NAME
Personal name Laqueur, Walter,
Dates associated with a name 1921-
9 (RLIN) 129582
245 14 - TITLE STATEMENT
Title The struggle for the Middle East :
Remainder of title the Soviet Union and the Middle East, 1958-68 /
Statement of responsibility, etc. Walter Laqueur
260 ## - PUBLICATION, DISTRIBUTION, ETC. (IMPRINT)
Place of publication, distribution, etc. London :
Name of publisher, distributor, etc. Routledge & Kegan Paul,
Date of publication, distribution, etc. 1969
300 ## - PHYSICAL DESCRIPTION
Pagination viii, 360 p. ;
Size 23 cm
504 ## - BIBLIOGRAPHY, ETC. NOTE
Bibliography, etc Includes Bibliography and index
651 #0 - SUBJECT ADDED ENTRY--GEOGRAPHIC NAME
Geographic name Soviet Union
General subdivision Foreign relations
Geographic subdivision Middle East
9 (RLIN) 129584
Geographic name Middle East
General subdivision Foreign relations
Geographic subdivision Soviet Union
9 (RLIN) 129583
942 ## - ADDED ENTRY ELEMENTS (KOHA)
Source of classification or shelving scheme Dewey Decimal Classification
Koha item type Books
Holdings
Lost status Source of classification or shelving scheme Damaged status Not for loan Collection code Permanent Location Current Location Shelving location Date acquired Source of acquisition Cost, normal purchase price Total Checkouts Full call number Date last seen Copy number Koha item type
  Dewey Decimal Classification     Non-fiction Central Library, University of Rajshahi Central Library, University of Rajshahi   16/05/1974 Oxford University Press 55.00   327.47056 LAS 1969 09/06/2016 C-2 Books